| 000 | 00406nam a2200181Ia 4500 | ||
|---|---|---|---|
| 001 | 9307 | ||
| 005 | 20260306161709.0 | ||
| 008 | 260306t2012||||xx |||||||||||||| ||spa|| | ||
| 041 | _aESP | ||
| 082 |
_a378.01 _bG84 |
||
| 100 |
_aGuardini, Romano _eAUT |
||
| 245 | 0 | _aTres escritos sobre la universidad | |
| 260 | _c2012 | ||
| 300 |
_a _c |
||
| 650 | _aGEN | ||
| 654 | _aCED | ||
| 942 |
_cLIB _dJUS _fJUS _2ddc _n |
||
| 999 |
_c9307 _d9307 |
||